<The> Commercial Insurance Market in the Slovak Republic
Charakteristika komerčného poistného trhu (KPT). KPT a analýza vybraných ukazovateľov daného trhu za rok 2019.
Saved in:
| Main Author: | |
|---|---|
| Format: | Book Chapter |
| Language: | English |
| Subjects: | |
| Tags: |
No Tags, Be the first to tag this record!
|
MARC
| LEADER | 00000naa$a2200000$$$4500 | ||
|---|---|---|---|
| 001 | 0272628 | ||
| 005 | 20240502083830.8 | ||
| 041 | 0 | |a eng | |
| 044 | |a GB | ||
| 245 | 1 | 0 | |a <The> Commercial Insurance Market in the Slovak Republic |c Barbora Drugdová |
| 520 | |a Charakteristika komerčného poistného trhu (KPT). KPT a analýza vybraných ukazovateľov daného trhu za rok 2019. | ||
| 610 | 2 | 0 | |a trh poistný |
| 610 | 2 | 0 | |a poisťovne komerčné |
| 610 | 2 | 0 | |a trh finančný |
| 610 | 2 | 0 | |a poistenie životné |
| 610 | 2 | 0 | |a poistenie neživotné |
| 100 | 1 | |a Drugdová, Barbora | |